01417nam a2200157 4500008004100000020001500041041000800056100001700064245003200081250003900113260003500152300002000187500007000207505096700277655001501244180524s2001 a |||gr|||| 000 f spa d a9500422026 aspa1 aFitch, Janet aVeneno sutil /cJanet Fitch a1a ed.bTraducción César Aira. aBuenos Aires:bEmecé;c2001. a384 p.b23x15cm aFitch, J. (2001). Veneno sutil. (1a ed.). Buenos Aires : Emecé. aAstrid es la hija única de una madre soltera, Ingrid, poeta brillante y obsesiva qeu utiliza su belleza para intimidar y manipular a los hombres. Astrid la adora y disfruta enormemente de su mundo privado, lleno de rituales y de misterio. Pero el idilio entre madre e hija termina abruptamente cuando Ingrid se enamora... Astrid desfilará por una serie de hogares adoptivos, intentando encontrar su propio camino en circunstancias imposibles. Sólo la determinación y el humor le permitirán enfrentar el desafío de la soledad y la pobreza, como una hija sin madre en este mundo indiferente. Dura, divertida y cálida, Astrid es una heroína a la vez increíble y consistente. Veneno sutil es una historia inolvidable acerca del poder curativo del arte y de la fuerza imparable del yo emergente. Escrito con exquisita gracia, este libro es el debut impresionante de una autora destinada a unirse al selecto grupo de las mejores novelistas actuales.  aLiteratura